Marx y el socialismo hoy : Venezuela y la revolución bolivariana /

Salvato in:
Dettagli Bibliografici
Autore principale: Sanz, Rodolfo (autor)
Natura: Libro
Lingua:spagnolo
Pubblicazione: Bogotá, Colombia : Aurora, 2011, c2011
Soggetti:
Tags: Aggiungi Tag
Nessun Tag, puoi essere il primo ad aggiungerne!!

MARC

LEADER 00000nam^a2200000^a^4500
001 000348999
005 20250521000000.0
009 20260310114858.714
020 |a 978-958-9136-59-1 
037 |a Acervo ITESO - Biblioteca 
041 |a ESP 
082 |a 320. 9870711  |b SAN 
100 |a Sanz, Rodolfo  |e (autor) 
245 1 0 |a Marx y el socialismo hoy :  |b Venezuela y la revolución bolivariana /  |c R. Sanz. 
264 4 |a Bogotá, Colombia :  |b Aurora,  |c 2011, c2011 
300 |a 279 p. 
336 |a texto  |b txt  |2 rdacontenido 
337 |a sin mediación  |b n  |2 rdamedio 
338 |a volumen  |b nc  |2 rdasoporte 
521 |a FIL 2014 Departamento de Estudios Sociopolíticos y Jurídicos 
649 |a XX 
650 |a Socialismo -  |z Venezuela -  |x Historia -  |y 1999-2013 -  |x Tema Principal 
650 |a Socialismo -  |z Venezuela -  |x Historia -  |y Siglo XXI 
650 |a Socialismo -  |x Teoría 
650 |a Socialismo -  |x Historia y Crítica 
650 |a Socialismo 
650 |a Política -  |z Venezuela -  |x Historia -  |y 1999-2013 
650 |a Política -  |z Venezuela -  |x Historia -  |y Siglo XXI 
650 |a Política -  |x Teoría 
650 |a Política 
910 |a Fondo General 
920 |a Impresos - Libros 
930 |a Colección General 
905 |a 101 
901 |a 0500239312  |b IT1  |c ACC  |i C143542  |u 20250521 
902 |a https://opac.biblio.iteso.mx/vufind/Record/000348999